000 00529nam a2200205Ia 4500
003 OSt
005 20221006140709.0
006 a|||||r|||| 00| 0
007 ta
008 221006b |||||||| |||| 00| 0 eng d
024 _a419
037 _bGift, Gift
_cTextual
040 _aEASL
_cEASL
_beng
041 _2eng
_aeng
245 0 _aSaga of Indian culture in Southeast Asia
260 _aTirupati
_bSri Venkateswar Univ.
_c1998
300 _a44p.
_ccm.
942 _cTEXL
_2CC
999 _c1068506
_d1068506